Songs to Movies - Statistics

General Stats
  • This quiz has been taken 37 times
  • The average score is 10 of 20
Answer Stats
Hint Answer % Correct
Summer Nights | Greased Lightnin' Grease
97%
Over the Rainbow | If I Only Had a Brain The Wizard of Oz
91%
The Circle of Life | Hakuna Matata The Lion King
88%
Part of Your World | Under the Sea The Little Mermaid
85%
Gaston | Be Our Guest Beauty and the Beast
76%
Done with Monsters | Scooby and Me Scooby-Doo! Music of the Vampire
70%
Shiny | You're Welcome Moana
64%
This is Halloween | Jack's Lament The Nightmare Before Christmas
64%
Pure Imagination | The Candy Man Willy Wonka and the Chocolate Factory
52%
The Rainbow Connection | Movin' Right Along The Muppet Movie
39%
When We're Human | Friends on the Other Side The Princess and the Frog
39%
I Want to Be Free | Jailhouse Rock Jailhouse Rock
36%
Suddenly, Seymour | Feed Me Little Shop of Horrors
33%
God Help the Outcasts | Hellfire The Hunchback of Notre Dame
33%
Pinball Wizard | Cousin Kevin Tommy
27%
Soul Man | Rubber Biscut The Blues Brothers
21%
Camelot Song | Brave Sir Robin Monty Python and the Holy Grail
18%
Like Me | Can't Stop Singing Teen Beach Movie
18%
Let It Be | Here Comes the Sun Yesterday
18%
Summerlove | On the Robert E. Lee The Jazz Singer
9%
No matching quizzes found
Score Distribution
Percent of People with Each Score
Percentile by Number Answered
Your Score History
You have not taken this quiz